Normal view MARC view
  • Johonnot, James,

Entry Nombre Personal

Number of records used in: 1

001 - NUMERO DE CONTROL

  • campo de control: 53400

003 - IDENTIFICADOR DE NUMERO DE CONTROL

  • campo de control: DLC

005 - FECHA Y HORA DE LA ÜLTIMA TRANSACCIÓN

  • campo de control: 20240903120539.0

008 - DATOS DE LONGITUD FIJA

  • campo de control de longitud fija: 240903|| aca||aabn | aaa d

010 ## - NÚMERO DE CONTROL DE LA BIBLIOTECA DEL CONGRESO

  • Número de control LC: n 87135964

035 ## - NUMERO DE CONTROL

  • Número de control: (OCoLC)oca01963433

040 ## - FUENTE DE CATALOGACIÓN

  • Agencia original de catalogación: ICU
  • Lenguaje de catalogación: spa
  • Agencia de transcripción: ICU
  • Agencia que lo modifica: OCoLC
  • Agencia que lo modifica: FU
  • Agencia que lo modifica: MX-MxUPN

046 ## - FECHAS CON CODIFICACIÓN ESPECIAL

  • Fecha de nacimiento: 1823
  • Fecha de muerte: 1888

100 1# - ENCABEZAMIENTO - NOMBRE PERSONAL

  • Nombre personal: Johonnot, James,
  • Fechas asociadas con el nombre: 1823-1888

670 ## - FUENTE EN LA QUE SE LOCALIZARON DATOS

  • Cita de la fuente: Autoridades LC, 03 septiembre 2024 :
  • Información localizada: (Johonnot, James, 1823-1888)
  • Uniform Resource Identifier: https://lccn.loc.gov/n87135964

902 ## - CATALOGADOR

  • Catalogador: MaríaRobles/030924